000
00270pab a2200109 454500
008
180718b xxu||||| |||| 00| 0 eng d
100
_a
Sahay, K.B.
245
_a
Sea of number: Malthusian decline on the cards?
650
_a
Population
773
_a
Statesman
909
_a
23511
999
_c
23511
_d
23511